<?xml version="1.0" encoding="UTF-8"?>
<collection xmlns="http://www.loc.gov/MARC21/slim">
 <record>
  <leader>02290nam a22003737a 4500</leader>
  <controlfield tag="001">44654</controlfield>
  <controlfield tag="003">BD-DhAAL</controlfield>
  <controlfield tag="005">20250901101859.0</controlfield>
  <controlfield tag="008">250831t2023    |||a|||| |b|| 001 0 eng d</controlfield>
  <datafield tag="020" ind1=" " ind2=" ">
   <subfield code="a">9781959419112</subfield>
  </datafield>
  <datafield tag="040" ind1=" " ind2=" ">
   <subfield code="a">BD-DhAAL</subfield>
   <subfield code="c">BD-DhAAL</subfield>
  </datafield>
  <datafield tag="082" ind1=" " ind2=" ">
   <subfield code="a">378.1734</subfield>
  </datafield>
  <datafield tag="245" ind1=" " ind2=" ">
   <subfield code="a">The AI classroom :</subfield>
   <subfield code="b">the ultimate guide to artificial intelligence in education /</subfield>
   <subfield code="c">Daniel Fitzpatrick ...[et..al].</subfield>
  </datafield>
  <datafield tag="260" ind1=" " ind2=" ">
   <subfield code="a">Beech Grove, IN, :</subfield>
   <subfield code="b">TeacherGoals Publishing, LLC,</subfield>
   <subfield code="c">2023.</subfield>
  </datafield>
  <datafield tag="300" ind1=" " ind2=" ">
   <subfield code="a">356 pages :</subfield>
   <subfield code="b">illustrations ;</subfield>
   <subfield code="c">26 cm.</subfield>
  </datafield>
  <datafield tag="490" ind1=" " ind2=" ">
   <subfield code="a">Everything EdTech series</subfield>
  </datafield>
  <datafield tag="504" ind1=" " ind2=" ">
   <subfield code="a">Includes bibliographical references</subfield>
  </datafield>
  <datafield tag="505" ind1=" " ind2=" ">
   <subfield code="a">The AI uprising. The rise of the machines ; The future is already here ; Outsource your doing, not your thinking
The AI educator. Educators assemble ; Ped
AI
gogy ; World of promptcraft ; 40 prompts you can use now ; AI and the Universal Design for Learning Guidelines
The AI tool repository. AI tools you can use right now
The AI horizon. Leaders in the AI revolution ; The future of AI in education ; Empathy &amp; algorithms : the convergence of EI &amp; AI</subfield>
  </datafield>
  <datafield tag="526" ind1=" " ind2=" ">
   <subfield code="a">LTIC</subfield>
   <subfield code="x">Professor Md. Golam Samdani Fakir, PhD
Director
Learning and Teaching Innovation Center (LTIC)
BRAC University</subfield>
  </datafield>
  <datafield tag="541" ind1=" " ind2=" ">
   <subfield code="a">Trim Education</subfield>
  </datafield>
  <datafield tag="650" ind1=" " ind2=" ">
   <subfield code="a">Education</subfield>
   <subfield code="x">Aims and objectives.</subfield>
  </datafield>
  <datafield tag="650" ind1=" " ind2=" ">
   <subfield code="a">Education</subfield>
   <subfield code="x">Computer-assisted instruction.</subfield>
  </datafield>
  <datafield tag="650" ind1=" " ind2=" ">
   <subfield code="a">Education</subfield>
   <subfield code="x">Effect of technological innovations on.</subfield>
   <subfield code="9">30475</subfield>
  </datafield>
  <datafield tag="650" ind1=" " ind2=" ">
   <subfield code="a">Artificial intelligence</subfield>
   <subfield code="x">Educational applications.</subfield>
   <subfield code="9">59204</subfield>
  </datafield>
  <datafield tag="650" ind1=" " ind2=" ">
   <subfield code="a">Education.</subfield>
  </datafield>
  <datafield tag="700" ind1=" " ind2=" ">
   <subfield code="a">Fitzpatrick, Daniel.</subfield>
   <subfield code="9">59208</subfield>
  </datafield>
  <datafield tag="700" ind1=" " ind2=" ">
   <subfield code="a">Fox,  Amanda.</subfield>
   <subfield code="9">59209</subfield>
  </datafield>
  <datafield tag="700" ind1=" " ind2=" ">
   <subfield code="a">Weinstein, Brad.</subfield>
   <subfield code="9">59210</subfield>
  </datafield>
  <datafield tag="700" ind1=" " ind2=" ">
   <subfield code="a">Chandra, Vikram A.</subfield>
   <subfield code="9">59211</subfield>
  </datafield>
  <datafield tag="700" ind1=" " ind2=" ">
   <subfield code="a">Lakhani, Priya.</subfield>
   <subfield code="9">59212</subfield>
  </datafield>
  <datafield tag="830" ind1=" " ind2=" ">
   <subfield code="a">Everything EdTech series</subfield>
   <subfield code="9">59205</subfield>
  </datafield>
  <datafield tag="942" ind1=" " ind2=" ">
   <subfield code="2">ddc</subfield>
   <subfield code="c">BK</subfield>
  </datafield>
  <datafield tag="999" ind1=" " ind2=" ">
   <subfield code="c">47421</subfield>
   <subfield code="d">47421</subfield>
  </datafield>
  <datafield tag="952" ind1=" " ind2=" ">
   <subfield code="0">0</subfield>
   <subfield code="1">0</subfield>
   <subfield code="2">ddc</subfield>
   <subfield code="4">0</subfield>
   <subfield code="6">378_173400000000000_AIC</subfield>
   <subfield code="7">0</subfield>
   <subfield code="9">78056</subfield>
   <subfield code="a">BRACUL</subfield>
   <subfield code="b">BRACUL</subfield>
   <subfield code="c">NEW</subfield>
   <subfield code="d">2025-08-28</subfield>
   <subfield code="e">Trim Education</subfield>
   <subfield code="g">3500.00</subfield>
   <subfield code="l">1</subfield>
   <subfield code="m">2</subfield>
   <subfield code="o">378.1734 AIC</subfield>
   <subfield code="p">3010044654</subfield>
   <subfield code="q">2026-07-30</subfield>
   <subfield code="r">2025-11-04</subfield>
   <subfield code="s">2025-11-04</subfield>
   <subfield code="t">1</subfield>
   <subfield code="v">3500.00</subfield>
   <subfield code="w">2025-08-28</subfield>
   <subfield code="y">BK</subfield>
   <subfield code="x">	Requisitioned by Professor Md. Golam Samdani Fakir, PhD (Director, Learning and Teaching Innovation Center (LTIC), BRAC University) for the course named - &quot;Enriching LTIC for curriculum development, assessment, ethics, faculty leadership, and global education, etc.&quot;</subfield>
  </datafield>
 </record>
</collection>
